000 00898nam a2200229Ii 4500
003 JO-AjNU
008 230605s9999||||xx |||||||||||||| ||und||
017 _a2016/1318
020 _a978-9957-616-38-0
040 _aJO-AjNU
_bara
_erda
_cJO-AjNU
041 _aara
050 1 4 _aHF5679.T33.2017
100 3 _aالطبري، محمود عمر، م مشارك خالد جمال الجعارات,
_eauthor
_961472
245 0 0 _aتطبيقات محاسبية باستخدام الجداول الالكترونية مايكروسوفت اوفيس اكسيل
250 _aط1
264 3 1 _aعمان: دار صفاء للنشر والتوزيع، 2017
300 _a320ص
336 _atext
_btxt
_2rdacontent
337 _aunmediated
_bn
_2rdamedia
338 _avolume
_bnc
_2rdacarrier
650 4 _aالمحاسبة-تطبيقات اكسل-تطبيقات مايكروسوفت اوفيس
_961473
999 _aA27788
_c31356
_d31356